000 00787nam a22002175i 4500
001 178209
003 ES-MaACL
005 20250827100435.0
008 110523s1968 sp |||| | spa d
080 _a598.279.2
100 1 _aAlcázar, Mariano del.
_9146666
245 1 4 _aLas reinas de los aires
_b: (los aquílidos) /
_cpor Mariano Alcázar.
260 _aMadrid :
_bDelblan,
_cD. L. 1968.
300 _a16 p. ;
_c16 cm.
490 1 _aMosaico cultural : colección de temas instructivos. 2. Curiosidades de la naturaleza ;
_v20
500 _aEncuadernado con otros títulos.
650 0 4 _aÁguilas.
_9146668
830 0 0 _aMosaico cultural: colección de temas instructivos
_v20
_9190806
852 _aES-MaACL
_jE-15189 (20)
_xOlim P-1923
999 _c178209
_d178209